Les 32 clubs d’Europa League à partir des 16ème de finale - Statistiques

Statistiques générales
  • Ce quiz a été pris 88 fois
  • Le résultat moyen est 13 sur 24
Statistiques - réponses
Parcours Club Pays % Correct
vainqueur Seville Espagne
100%
finaliste Rome Italie
90%
16ème de finale Rennes France
79%
16ème de finale Ajax Pays-Bas
78%
demi-finaliste Juventus Italie
78%
16ème de finale Psv Pays-Bas
75%
16ème de finale Monaco France
74%
16ème de finale Nantes France
71%
quart de finale Sporting Portugal
71%
quart de finale Manchester United Angleterre
68%
16ème de finale Barcelone Espagne
53%
demi-finaliste Bayer Leverkusen Allemagne
47%
8ème de finale Fenerbahce Turquie
44%
quart de finale Union Saint Gilloise Belgique
44%
8ème de finale Arsenal Angleterre
41%
16ème de finale Salzbourg Autriche
41%
8ème de finale Union Berlin Allemagne
37%
8ème de finale Réal Sociedad Espagne
35%
8ème de finale Fribourg Allemagne
29%
8ème de finale Shakhtar Ukraine
29%
8ème de finale Betis Séville Espagne
26%
8ème de finale Ferencvaros Hongrie
25%
quart de finale Feyennord Pays-Bas
15%
16ème de finale Midtjilland Danemark
1%
Aucun quiz correspondant
Distribution des résultats
% des personnes avec chaque résultat
Percentile par nombre de réponses
Votre historique - résultats
Vous n’avez pas pris ce quiz